Sports Quiz

Random Sports or NFL Quiz
Score 0/35 Timer 10:00
0 Plays Today
Team Player % Correct
TexansArian Foster
100%
TexansArian Foster
100%
RavensJacoby Jones
98.3%
BroncosDemaryius Thomas
98.3%
PackersJames Jones
98.3%
RavensTorrey Smith
96.7%
RavensTorrey Smith
96.7%
FalconsRoddy White
96.7%
RavensRay Rice
95%
49ersColin Kaepernick
95%
49ersColin Kaepernick
95%
49ersFrank Gore
95%
PatriotsStevan Ridley
95%
SeahawksMarshawn Lynch
93.3%
49ersMichael Crabtree
91.7%
49ersMichael Crabtree
91.7%
FalconsTony Gonzalez
91.7%
PatriotsShane Vereen
91.7%
Team Player % Correct
PatriotsShane Vereen
91.7%
PatriotsShane Vereen
91.7%
SeahawksRussell Wilson
90%
PatriotsBrandon Lloyd
86.7%
SeahawksGolden Tate
83.3%
BroncosTrindon Holliday
80%
BroncosTrindon Holliday
80%
PackersGreg Jennings
78.3%
SeahawksZach Miller
78.3%
BroncosBrandon Stokley
70%
BroncosKnowshon Moreno
68.3%
PackersDuJuan Harris
58.3%
PackersSam Shields
51.7%
FalconsJason Snelling
46.7%
RavensCorey Graham
45%
TexansDeVier Posey
45%
49ersAnthony Dixon
41.7%
Remove Ads.
Support Sporcle.
Get the best of Sporcle when you Go Orange. This ad-free experience offers more features, more stats, and more fun while also helping to support Sporcle. Thank you for becoming a member.

You're not logged in!

Compare scores with friends on all Sporcle quizzes.
OR
Log In

Show Comments

Extras

Top Quizzes Today


Score Distribution

Your Account Isn't Verified!

In order to create a playlist on Sporcle, you need to verify the email address you used during registration. Go to your Sporcle Settings to finish the process.

Report this User

Report this user for behavior that violates our Community Guidelines.

Details: